| 000 | 00996nam a2200301 i 4500 | ||
|---|---|---|---|
| 003 | EG-GICUC | ||
| 005 | 20260420132402.0 | ||
| 008 | 260420s1908 fr |||f |||| 000 0 fre d | ||
| 040 |
_aEG-GiCUC _bfre _cEG-GiCUC _dEG-GiCUC _erda |
||
| 041 | _afre | ||
| 082 | 0 | 4 |
_221 _a343.243 _bGR. E |
| 092 | 0 | 4 | _221 |
| 099 | _aLaw1 10 343.243 GR. E 1908 1009843 C1 | ||
| 100 | 1 |
_aGrandjean,G. _eAuthor. |
|
| 245 | 1 | 0 |
_aÉtude Pratique Délit D'escroquerie Dans La Société Par Actions / _cPar G. Grandjean ; Ancienne Et Moderne Edouard Duchemin. |
| 264 | 1 |
_aParis : _bLibrairie De Jurisprudence, _c1908. |
|
| 300 |
_a188 pages ; _c24 cm. |
||
| 336 |
_2rda content _atext |
||
| 337 |
_2rda media _aComputer |
||
| 338 |
_2rda carrier _aOnline Resource |
||
| 650 | 1 | 4 | _aAccusation |
| 650 | 1 | 4 | _aDélit de fraude |
| 651 | 1 | _2qrmak | |
| 700 | 1 |
_aDuchemin, Edouard _bprésentation _epresenter |
|
| 856 | 4 | 0 | _uhttps://fll.law.cu.edu.eg/fulltext/bks/B10-09843.pdf |
| 905 | _a164 | ||
| 942 |
_2ddc _cBK _e21 _n0 |
||
| 999 |
_c72171 _d72171 |
||